[Event "Koge Bugt EMT A"]
[Site "Solrod"]
[Date "2001.08.29"]
[Round "3"]
[White "Schmidt, Horst Hubert"]
[Black "Jorgensen, Claus B"]
[Result "1-0"]
[WhiteElo "1607"]
[BlackElo "1634"]
[PlyCount "67"]
[EventDate "2001.08.15"]
[EventType "tourn"]
[EventRounds "7"]
[EventCountry "DEN"]
[SourceTitle "EXT 2023"]
[Source "ChessBase"]
[SourceDate "2022.10.05"]
[SourceVersion "1"]
[SourceVersionDate "2022.10.05"]
[SourceQuality "1"]

1. d4 d5 2. c4 e6 3. Nc3 Nf6 4. Nf3 Nbd7 5. Bf4 c6 6. e3 Be7 7. Bd3 0-0 8. h3 a6 9. 0-0 dxc4 10. Bxc4 b5 11. Bd3 Bb7 12. Rc1 c5 13. dxc5 Nxc5 14. Be2 Qb6 15. b4 Nce4 16. Qb3 Nxc3 17. Qxc3 Nd5 18. Qe5 Bxb4 19. Bg3 Rfd8 20. Bh4 f6 21. Qd4 Qxd4 22. Nxd4 e5 23. Ne6 Rdc8 24. Bg4 Rxc1 25. Rxc1 Rc8 26. Rd1 Re8 27. e4 Nc3 28. Rd7 Re7 29. Rd8+ Kf7 30. Rf8+ Kg6 31. Bf5+ Kh5 32. Rh8 h6 33. Bxf6 gxf6 34. g4+ 1-0

[Event "Lovfalds 14th C"]
[Site "Ringsted"]
[Date "2000.09.17"]
[Round "5"]
[White "Jorgensen, Claus B"]
[Black "Hansen, Morten Lyck"]
[Result "1/2-1/2"]
[WhiteElo "1786"]
[BlackElo "1788"]
[PlyCount "71"]
[EventDate "2000.09.15"]
[EventType "tourn"]
[EventRounds "5"]
[EventCountry "DEN"]
[SourceTitle "EXT 2023"]
[Source "ChessBase"]
[SourceDate "2022.10.05"]
[SourceVersion "1"]
[SourceVersionDate "2022.10.05"]
[SourceQuality "1"]

1. d4 Nf6 2. c4 g6 3. Nc3 d5 4. cxd5 Nxd5 5. e4 Nxc3 6. bxc3 Bg7 7. Bc4 0-0 8. Ne2 c5 9. 0-0 Nc6 10. Be3 Qc7 11. Qc1 Rd8 12. Bf4 Qd7 13. Rd1 cxd4 14. cxd4 Nxd4 15. Nxd4 Bxd4 16. Be5 Bxe5 17. Rxd7 Bxd7 18. Rb1 Bc6 19. Qe3 Rd4 20. Qb3 Bxe4 21. Bxf7+ Kg7 22. Re1 Bf6 23. h3 Bc6 24. Be6 Rad8 25. g4 Rd2 26. Bc4 h6 27. Qe3 Rc2 28. Qe6 Rf8 29. a4 Rc3 30. a5 Rxh3 31. Bd5 Bxd5 32. Qxd5 Bh4 33. Kg2 Ra3 34. Re2 Ra4 35. f3 b6 36. axb6 1/2-1/2

[Event "Lovfalds 14th C"]
[Site "Ringsted"]
[Date "2000.09.15"]
[Round "1"]
[White "Christiansen, Erling"]
[Black "Jorgensen, Claus B"]
[Result "1-0"]
[WhiteElo "1803"]
[BlackElo "1786"]
[PlyCount "55"]
[EventDate "2000.09.15"]
[EventType "tourn"]
[EventRounds "5"]
[EventCountry "DEN"]
[SourceTitle "EXT 2023"]
[Source "ChessBase"]
[SourceDate "2022.10.05"]
[SourceVersion "1"]
[SourceVersionDate "2022.10.05"]
[SourceQuality "1"]

1. e4 e6 2. d4 d5 3. e5 c5 4. c3 Nc6 5. Nf3 Nge7 6. Bd3 Qb6 7. 0-0 Bd7 8. Bc2 Nf5 9. Bxf5 exf5 10. dxc5 Bxc5 11. Qxd5 Be6 12. Qd3 0-0 13. b3 Rfd8 14. Qe2 Rd5 15. c4 Rd7 16. Nc3 Nd4 17. Nxd4 Bxd4 18. Bb2 Qb4 19. Rac1 Rad8 20. Kh1 a6 21. f4 Qc5 22. Na4 Qc6 23. Ba3 g6 24. Bd6 Rxd6 25. exd6 Rxd6 26. Rfd1 Qe4 27. Qf1 Bd7 28. Nc3 1-0